7 ème art traditionnel : 8 mots dans mots (mort subite) - Statistiques

Statistiques générales
  • Ce quiz a été pris 123 fois
  • Le résultat moyen est 7 sur 8
Answers on the Grid
Answers color-coded by a green-red scale on the quiz's grid according to % correct below.
The ---ist
Pulp Fi---on
Jur---ic Park
Black Pa---er
La Ch---reuse de Parme
Comp---iment Tueurs
Le Roi ---n
P---ir, revenir
Ave---rs
Le T---uffe
A---ar
L’App---ement
Le Roi ---hur
Le Tran---rteur
Ba---n
Le Retour de M---in Guerre
 
Statistiques - réponses
Réponse % Correct
The ---ist
100%
La Ch---reuse de Parme
88%
Le Roi ---hur
88%
Le T---uffe
88%
P---ir, revenir
84%
Comp---iment Tueurs
82%
L’App---ement
82%
Le Retour de M---in Guerre
82%
Aucun quiz correspondant
Distribution des résultats
% des personnes avec chaque résultat
Percentile par nombre de réponses
Votre historique - résultats
Vous n’avez pas pris ce quiz